Statistics for Mal's General Knowledge 11

Click here to take the quiz!

General Stats

  • This quiz has been taken 127 times
  • The average score is 9 of 20

Answer Stats

Hint Answer % Correct
Wellington is the capital of which countryNew Zealand
93%
How many players per side in a game of 'Cricket'11
85%
What comes next in the sequence H, He, Li, Be, B, .............C (carbon)
81%
Which renegade gladiator led a slave revolt against Rome in 71BCSpartacus
72%
What is the fossilised resin of Pine Trees calledAmber
68%
Ossification is the process of forming what substanceBone
63%
What is the diameter of a Basketball Hoop In inches or centimetres (approx.)18 " / 45.7 cm
57%
Who was known as the 'Sun King'Louis XIV
57%
The normal adult human has how many bones in their body206
52%
The Kalahari Desert is partly in Namibia and which other countryBotswana
51%
Myxomatosis killed millions of which animalRabbit
48%
By what name is 'Rap Artist' Robert Van Winkle better knownVanilla Ice
36%
Two USA States border 8 other States, one is Tennessee, what is the otherMissouri
30%
What is made from silica, soda and limeGlass
22%
Who wrote 'The Moonstone' generally considered the first detective novel in the English LanguageWilkie Collins
17%
Who was featured on the cover of the very first 'Rolling Stone' magazineJohn Lennon
16%
Who said "God is really just another artist"Pablo Picasso
13%
Who was the only actor from 'MASH' to serve as a soldier in the Korean WarJamie Farr / Klinger
5%
How tall (in centimetres) is a 'Barbie Doll'25cm
2%
What is a male ballet dancer calledDanseur noble
1%

Score Distribution

Percentile by Number Answered

Percent of People with Each Score

Your Score History

You have not taken this quiz